Montaigne et Marie de Gournay : actes du colloque international de Duke /

Bibliographic Details
Other Authors: Tetel, Marcel
Format: Book
Language:French
Published: Paris : Honoré Champion, 1997.
Series:Etudes montaignistes ; 30.
Subjects:

MARC

Tag First Indicator Second Indicator Subfields
LEADER 00000cam a2200000 a 4500
001 in00001381981
005 20151019175004.0
008 970722s1997 fr b 101 0 fre d
020 |a 2852036991 
035 |a (OCoLC)37335134 
035 |9 AHL1149AM 
040 |a INU  |c INU  |d IXA  |d TXA  |d UtOrBLW 
049 |a TXAM 
090 |a PQ1625.G5  |b Z75 1997 
092 |a 848.3  |b G716Zt 
245 0 0 |a Montaigne et Marie de Gournay :  |b actes du colloque international de Duke /  |c réunis et présentés par Marcel Tetel. 
264 1 |a Paris :  |b Honoré Champion,  |c 1997. 
300 |a 294 pages ;  |c 23 cm. 
336 |a text  |b txt  |2 rdacontent 
337 |a unmediated  |b n  |2 rdamedia 
338 |a volume  |b nc  |2 rdacarrier 
490 1 |a Etudes montaignistes ;  |v 30 
500 |a Papers presented at an international conference held at Duke University from 31 March to 1 April 1995. 
504 |a Includes bibliographical references and index. 
600 1 0 |a Gournay, Marie Le Jars de,  |d 1565-1645  |x Congresses. 
600 1 0 |a Montaigne, Michel de,  |d 1533-1592  |x Friends and associates  |x Congresses. 
600 1 0 |a Montaigne, Michel de,  |d 1533-1592.  |t Essais  |x Congresses. 
700 1 |a Tetel, Marcel. 
830 0 |a Etudes montaignistes ;  |v 30. 
999 |a MARS 
999 f f |s e7b31834-aee7-3c79-8dca-6c3bb25d667d  |i b8e716bf-72ea-3c6d-ad55-7dcafded3aad  |t 0 
952 f f |p ric  |a Texas A&M University  |b Rellis Campus  |c Joint Library Facility  |d Remote Storage  |t 0  |e PQ1625.G5 Z75 1997  |h Library of Congress classification  |i unmediated -- volume  |m A14822089687 
998 f f |a PQ1625.G5 Z75 1997  |t 0  |l Remote Storage